000 00724nam a2200217 i 4500
001 50806
003 ES-MaACL
005 20250815094302.0
007 t|
008 030806s1966 sp ||||1| spa d
080 _a335.55(04)
100 1 _aChambre, Henri.
_937867
245 1 0 _aDe Carlos Marx a Mao Tse-Tung :
_bintroducción crítica al marxismoleninismo /
_cHenri Chambre ; [traducción por J.P.G.].
260 _aMadrid :
_bTecnos,
_c[1966]
300 _a268 p. ;
_c23 cm.
490 1 _aColección de ciencias sociales. Ciencia politica
650 7 _aComunismo
_2embne
_911211
830 1 0 _aColección de ciencias sociales (Tecnos)
_9182672
852 4 _aES-MaACL
_jC-29247
999 _c50806
_d50806